MARC

LEADER 00000nam0a2200000 4500
001 371078
005 20231102012337.0
035 |a (RuTPU)RU\TPU\retro\28487 
090 |a 371078 
100 |a 20220913d1978 k y0rusy50 ca 
101 0 |a rus 
102 |a MD 
105 |a a z 001zy 
200 1 |a Теоретические и экспериментальные исследования сложных полупроводниковых соединений  |e [сборник]  |f Академия наук Молдавской ССР, Институт прикладной физики 
210 |a Кишинев  |c Штиинца  |d 1978 
215 |a 168 с.  |c ил. 
320 |a Библиография в конце статей 
606 1 |a Полупроводниковые соединения сложные  |2 stltpush  |3 (RuTPU)RU\TPU\subj\80761  |9 88362 
610 1 |a физические свойства 
610 1 |a физические процессы 
610 1 |a объемные элементы 
610 1 |a пленочные элементы 
610 1 |a приборы 
610 1 |a создание 
610 1 |a экситоны 
610 1 |a кристаллы 
610 1 |a температурная зависимость 
610 1 |a анизотропная деформация 
610 1 |a тройные системы 
610 1 |a диаграммы состояния 
610 1 |a монокристаллы 
610 1 |a люминесценция 
675 |a 621.315.592  |v 4 
712 0 2 |a Академия наук Молдавской ССР  |b Институт прикладной физики  |c (Кишинев)  |2 stltpush  |3 (RuTPU)RU\TPU\col\11347  |9 25052 
801 1 |a RU  |b 63413507  |c 20220913 
942 |c BK